000
00306nam a22001337a 4500
008
170725b xxu||||| |||| 00| 0 eng d
020
_a
9781585035045
041
_a
eng
080
_a
004
100
_a
29
101
_a
SHK
245
_a
RESIDENTIAL DESIGN using AutoCAD 2010
_c
STINE,D.J
942
_2
udc
_c
BK
999
_c
21876
_d
21876